[Event "FRA-chT2"]
[Site "France"]
[Date "2002.03.??"]
[Round "8"]
[White "Graindorge, Jean Sebastian"]
[Black "Klima, Pascal"]
[Result "1-0"]
[WhiteElo "2191"]
[BlackElo "1660"]
[PlyCount "65"]
[EventDate "2002.??.??"]
[EventType "team"]
[EventRounds "11"]
[EventCountry "FRA"]
[SourceTitle "EXT 2003"]
[Source "ChessBase"]
[SourceDate "2002.11.25"]
[SourceVersion "1"]
[SourceVersionDate "2002.11.25"]
[SourceQuality "1"]

1. e4 e6 2. d4 d5 3. exd5 exd5 4. Bd3 Bd6 5. Nc3 Ne7 6. Qf3 c6 7. Nge2 Na6 8. a3 Nc7 9. Bf4 Bf5 10. Bxd6 Bxd3 11. Bxc7 Bxe2 12. Bxd8 Bxf3 13. Bxe7 Bxg2 14. Rg1 Kxe7 15. Rxg2 Rhe8 16. Kd2 Kf6 17. Re1 g6 18. Rxe8 Rxe8 19. Rg3 Re7 20. Re3 b6 21. Rxe7 Kxe7 22. Ke3 g5 23. Ne2 f5 24. h4 h6 25. hxg5 hxg5 26. f4 g4 27. Ng3 Ke6 28. Kd3 c5 29. c4 dxc4+ 30. Kxc4 cxd4 31. Kxd4 a6 32. b3 a5 33. a4 1-0